Famous Families - Statistics

General Stats
  • This quiz has been taken 54 times
  • The average score is 12 of 16
Answer Stats
Picture Answer % Correct
Jackson
98%
Smith
98%
Kardashian / Jenner
96%
Depp
94%
Jolie / Pitt
94%
Beckham
86%
Hemsworth
84%
Windsor
80%
Sandler
78%
Baldwin
76%
Martin / Paltrow
69%
Carter / Knowles
63%
Kravitz / Bonet
61%
Cyrus
57%
Hawke / Thurman
57%
Holland
51%
No matching quizzes found
Score Distribution
Percent of People with Each Score
Percentile by Number Answered
Your Score History
You have not taken this quiz